000 00338nam a22001337a 4500
008 171201b xxu||||| |||| 00| 0 eng d
020 _a519723001
041 _aeng
080 _a573
100 _a11
101 _aBIO
245 _aMANUAL ON LARVAL CONTROL OPERATIONS IN MALARIA PROGRAMMES
_cWORLD HEALTH ORGANIZATION
942 _2udc
_cBK
999 _c38719
_d38719